000 00572nam a22002297a 4500
003 UA-OsUOA
001 49671
007 ta
008 20071010b un ||||| |||| 00| 0 ukr d
100 _aБрауде Л.
090 _a82.09
_bБ87
942 _cBK
040 _aUA-OsUOA
_bukr
_cUA-OsUOA
_dUA-OsUOA
245 _aХанс Кристиан Андерсен
300 _a165 с.
955 _a1
041 _aukr
080 _a82.09
260 _aСПб
_c1971
650 7 _a82 Література. Літературознавство
_2UDC
999 _c335795
_d335795